Bicycling
| Nuevo Título: | Mountain bike (1990) |
|---|---|
| Título anterior: | American cycling Bike world Mountain bike |
| Formato: | Electrónico Revista |
| Lenguaje: | inglés |
| Publicado: |
[Greenbrae, Calif.] :
[H.M. Leete & Co.]
Emmaus, PA : Rodale Press NY, NY : Hearst Communications, Inc. |
| Materias: | |
| Acceso en línea: | Full text available from Research Library: 01/01/1994 to present |
MARC
| LEADER | 00000nas a2200000 a 4500 | ||
|---|---|---|---|
| 001 | ssj0002284 | ||
| 003 | WaSeSS | ||
| 005 | 20200512172242.0 | ||
| 006 | m d | ||
| 007 | cr n | ||
| 008 | 760406c19689999nyubr p s 0 a0eng | ||
| 010 | |a 76640843 | ||
| 016 | 7 | |a 011100117 |2 Uk | |
| 022 | |l 0006-2073 |y 0006-2073 | ||
| 032 | |a 509850 |b USPS | ||
| 035 | |a (WaSeSS)ssj0002284 | ||
| 037 | |b Bicycling Customer Service, P.O. Box 6000, Harlan, IA 51593-1500 | ||
| 040 | |a DLC |b eng |c DLC |d NSD |d DLC |d OCL |d NST |d AIP |d NST |d AIP |d OCL |d IUL |d NSD |d OCL |d DLC |d NSD |d DLC |d MYG |d NST |d NSD |d DLC |d NST |d NSD |d GUA |d IUL |d NSD |d GUA |d OCLCQ |d DLC |d IUL |d OCLCQ |d CUS |d UKMGB |d OCLCO |d OCLCQ |d OCLCF |d OCLCQ |d OCLCO |d GUA |d GRR |d OCLCO |d LIP |d XFH |d U3G |d I8M |d PSM |d X#4 |d TL4 |d FUG |d WaSeSS | ||
| 042 | |a pcc |a nsdp | ||
| 043 | |a n-us--- | ||
| 050 | 0 | 0 | |a GV1040 |b .B5 |
| 082 | 0 | 4 | |a 796.6 |
| 210 | 0 | |a Bicycling | |
| 222 | 0 | |a Bicycling | |
| 245 | 0 | 0 | |a Bicycling |h [electronic resource]. |
| 246 | 1 | 3 | |a Bicycling magazine |f <Apr. 1987-> |
| 246 | 1 | 8 | |a Bicycling plus mountain bike |f Feb. 1990- |
| 260 | |a [Greenbrae, Calif.] : |b [H.M. Leete & Co.] | ||
| 260 | 2 | |3 <1994>-Mar. 2018 : |a Emmaus, PA : |b Rodale Press | |
| 260 | 3 | |3 Apr. 2018- : |a NY, NY : |b Hearst Communications, Inc. | |
| 310 | |a Bimonthly, |b Aug. 2018- | ||
| 321 | |a Monthly, |b <Jan. 1972-> | ||
| 321 | |a Nine no. a year, |b <Sept./Oct. 1979-> | ||
| 321 | |a Eleven no. a year, |b <Oct. 1985>-2014 | ||
| 321 | |a 10 no. a year, |b 2015-July 2018 | ||
| 506 | |a License restrictions may limit access. | ||
| 515 | |a Issue for Jan. 1973 not published. Cf. New serial titles. | ||
| 580 | |a Special subscription issues are available that contain the inset: Mountain bike, Jan. 1990. | ||
| 580 | |a Incorporating Cyclist magazine, <Jan./Feb. 2014-> | ||
| 588 | |a Description based on: Vol. 13, no. 1 (Jan. 1972); title from cover. | ||
| 588 | |a Latest issue consulted: Vol. 59, no. 7 (August 2018). | ||
| 650 | 0 | |a Cycling |v Periodicals. | |
| 650 | 0 | |a Cycling |z United States |v Periodicals. | |
| 650 | 7 | |a Cycling. |2 fast |0 (OCoLC)fst00885857 | |
| 651 | 7 | |a United States. |2 fast |0 (OCoLC)fst01204155 | |
| 655 | 0 | |a Electronic journals. | |
| 730 | 0 | |a Mountain bike. | |
| 776 | 0 | 8 | |i Microfilm version: |t Bicycling (Emmaus, Penn. : Microfilm, UMI) |w (OCoLC)5631096 |
| 780 | 0 | 0 | |t American cycling |w (OCoLC)8839671 |
| 780 | 0 | 5 | |t Bike world |x 0098-8650 |w (OCoLC)1639430 |g Apr. 1980 |
| 780 | 1 | 5 | |t Mountain bike |x 0897-5213 |w (DLC)sf 91093300 |w (OCoLC)17526555 |
| 785 | 0 | 1 | |t Mountain bike (1990) |x 0897-5213 |w (DLC)sf 91093301 |w (OCoLC)24238829 |
| 850 | |a CLSU |a CU-I |a DLC |a FU |a GU |a INS |a LNT |a MCM |a MH-Lm |a MoKU |a NcRS |a PPi |a TxU |a ULA |a ViBlbV |a ViW | ||
| 853 | 2 | 0 | |8 1 |a v. |b no. |u 11 |v r |i (year) |j (month) |w 11 |x 01 |y pm01/02,02,03,04,05,06,07,08,09,10,11,12 |
| 856 | 4 | 0 | |z Full text available from Research Library: 01/01/1994 to present |u https://search.proquest.com/publication/47880 |
| 863 | 4 | 1 | |8 1.1 |a <42> |b <1> |i <2001> |j <01/02> |